<?xml version="1.0" encoding="UTF-8"?>
<record
    xmlns:xsi="http://www.w3.org/2001/XMLSchema-instance"
    xsi:schemaLocation="http://www.loc.gov/MARC21/slim http://www.loc.gov/standards/marcxml/schema/MARC21slim.xsd"
    xmlns="http://www.loc.gov/MARC21/slim">

  <leader>01106nam a22002057a 4500</leader>
  <controlfield tag="005">20230623120430.0</controlfield>
  <controlfield tag="008">230623b           ||||| |||| 00| 0 eng d</controlfield>
  <datafield tag="020" ind1=" " ind2=" ">
    <subfield code="a">9780077316778</subfield>
  </datafield>
  <datafield tag="050" ind1=" " ind2=" ">
    <subfield code="a">HB171.5.F7343(2e)</subfield>
  </datafield>
  <datafield tag="100" ind1=" " ind2=" ">
    <subfield code="9">Frank, Robert H.</subfield>
  </datafield>
  <datafield tag="245" ind1=" " ind2=" ">
    <subfield code="a">Principles of micro-economics /</subfield>
    <subfield code="c">Robert H. Frank ... [et al.]</subfield>
  </datafield>
  <datafield tag="250" ind1=" " ind2=" ">
    <subfield code="a">2nd ed.</subfield>
  </datafield>
  <datafield tag="260" ind1=" " ind2=" ">
    <subfield code="a">New York :</subfield>
    <subfield code="b">McGraw-Hill / Irwin,</subfield>
    <subfield code="c">2011.</subfield>
  </datafield>
  <datafield tag="300" ind1=" " ind2=" ">
    <subfield code="a">xxxi, 304 p. :</subfield>
    <subfield code="b">ill. ;</subfield>
    <subfield code="c">29 cm.</subfield>
  </datafield>
  <datafield tag="490" ind1=" " ind2=" ">
    <subfield code="3">The McGraw-Hill series economics. </subfield>
  </datafield>
  <datafield tag="500" ind1=" " ind2=" ">
    <subfield code="a">Includes index.</subfield>
  </datafield>
  <datafield tag="505" ind1=" " ind2=" ">
    <subfield code="a">Contents: Part 1: Introduction: Thinking like an economist -- Comparative advantage -- Supply and demand -- Part 2: Competition and the invisible hand: Demand and elasticity -- Perfectly competitive supply -- Efficiency, exchange, and the invisible hand in action -- Part 3: Market imperfections: Monopoly, oligopoly, and monopolistic competition -- Games and strategic behavior -- Externalities and property rights -- Part 4: Economics of public policy: Using economics to make better policy choices.   
</subfield>
  </datafield>
  <datafield tag="700" ind1=" " ind2=" ">
    <subfield code="a">Bernanke Ben S.</subfield>
    <subfield code="9">1859</subfield>
  </datafield>
  <datafield tag="942" ind1=" " ind2=" ">
    <subfield code="2">lcc</subfield>
    <subfield code="c">BK</subfield>
  </datafield>
  <datafield tag="999" ind1=" " ind2=" ">
    <subfield code="c">9830</subfield>
    <subfield code="d">17330</subfield>
  </datafield>
  <datafield tag="952" ind1=" " ind2=" ">
    <subfield code="0">0</subfield>
    <subfield code="1">0</subfield>
    <subfield code="2">lcc</subfield>
    <subfield code="4">0</subfield>
    <subfield code="7">0</subfield>
    <subfield code="a">WIUC-1</subfield>
    <subfield code="b">WIUC-1</subfield>
    <subfield code="c">GEN</subfield>
    <subfield code="d">2023-06-23</subfield>
    <subfield code="l">0</subfield>
    <subfield code="o">HB171.5.F7343(2e)</subfield>
    <subfield code="p">9558/259/23</subfield>
    <subfield code="r">2023-06-23 00:00:00</subfield>
    <subfield code="t">1</subfield>
    <subfield code="w">2023-06-23</subfield>
    <subfield code="y">BK</subfield>
  </datafield>
  <datafield tag="952" ind1=" " ind2=" ">
    <subfield code="0">0</subfield>
    <subfield code="1">0</subfield>
    <subfield code="2">lcc</subfield>
    <subfield code="4">0</subfield>
    <subfield code="7">0</subfield>
    <subfield code="a">WIUC-1</subfield>
    <subfield code="b">WIUC-1</subfield>
    <subfield code="c">GEN</subfield>
    <subfield code="d">2023-06-23</subfield>
    <subfield code="l">0</subfield>
    <subfield code="o">HB171.5.F73431(2e)</subfield>
    <subfield code="p">9559/260/23</subfield>
    <subfield code="r">2023-06-23 00:00:00</subfield>
    <subfield code="t">2</subfield>
    <subfield code="w">2023-06-23</subfield>
    <subfield code="y">BK</subfield>
  </datafield>
  <datafield tag="952" ind1=" " ind2=" ">
    <subfield code="0">0</subfield>
    <subfield code="1">0</subfield>
    <subfield code="2">lcc</subfield>
    <subfield code="4">0</subfield>
    <subfield code="7">0</subfield>
    <subfield code="a">WIUC-1</subfield>
    <subfield code="b">WIUC-1</subfield>
    <subfield code="c">GEN</subfield>
    <subfield code="d">2023-06-23</subfield>
    <subfield code="l">0</subfield>
    <subfield code="o">HB171.5.F73432(2e)</subfield>
    <subfield code="p">9560/261/23</subfield>
    <subfield code="r">2023-06-23 00:00:00</subfield>
    <subfield code="t">3</subfield>
    <subfield code="w">2023-06-23</subfield>
    <subfield code="y">BK</subfield>
  </datafield>
  <datafield tag="952" ind1=" " ind2=" ">
    <subfield code="0">0</subfield>
    <subfield code="1">0</subfield>
    <subfield code="2">lcc</subfield>
    <subfield code="4">0</subfield>
    <subfield code="7">0</subfield>
    <subfield code="a">WIUC-1</subfield>
    <subfield code="b">WIUC-1</subfield>
    <subfield code="c">GEN</subfield>
    <subfield code="d">2023-06-23</subfield>
    <subfield code="l">0</subfield>
    <subfield code="o">HB171.5.F73433(2e)</subfield>
    <subfield code="p">9561/262/23</subfield>
    <subfield code="r">2023-06-23 00:00:00</subfield>
    <subfield code="t">4</subfield>
    <subfield code="w">2023-06-23</subfield>
    <subfield code="y">BK</subfield>
  </datafield>
  <datafield tag="952" ind1=" " ind2=" ">
    <subfield code="0">0</subfield>
    <subfield code="1">0</subfield>
    <subfield code="2">lcc</subfield>
    <subfield code="4">0</subfield>
    <subfield code="7">0</subfield>
    <subfield code="a">WIUC-1</subfield>
    <subfield code="b">WIUC-1</subfield>
    <subfield code="c">GEN</subfield>
    <subfield code="d">2023-06-23</subfield>
    <subfield code="l">0</subfield>
    <subfield code="o">HB171.5.F73434(2e)</subfield>
    <subfield code="p">9562/263/23</subfield>
    <subfield code="r">2023-06-23 00:00:00</subfield>
    <subfield code="t">5</subfield>
    <subfield code="w">2023-06-23</subfield>
    <subfield code="y">BK</subfield>
  </datafield>
  <datafield tag="952" ind1=" " ind2=" ">
    <subfield code="0">0</subfield>
    <subfield code="1">0</subfield>
    <subfield code="2">lcc</subfield>
    <subfield code="4">0</subfield>
    <subfield code="7">0</subfield>
    <subfield code="a">WIUC-1</subfield>
    <subfield code="b">WIUC-1</subfield>
    <subfield code="c">GEN</subfield>
    <subfield code="d">2023-06-23</subfield>
    <subfield code="l">0</subfield>
    <subfield code="o">HB171.5.F73435(2e)</subfield>
    <subfield code="p">9563/264/23</subfield>
    <subfield code="r">2023-06-23 00:00:00</subfield>
    <subfield code="t">6</subfield>
    <subfield code="w">2023-06-23</subfield>
    <subfield code="y">BK</subfield>
  </datafield>
  <datafield tag="952" ind1=" " ind2=" ">
    <subfield code="0">0</subfield>
    <subfield code="1">0</subfield>
    <subfield code="2">lcc</subfield>
    <subfield code="4">0</subfield>
    <subfield code="7">0</subfield>
    <subfield code="a">WIUC-1</subfield>
    <subfield code="b">WIUC-1</subfield>
    <subfield code="c">GEN</subfield>
    <subfield code="d">2023-06-23</subfield>
    <subfield code="l">0</subfield>
    <subfield code="o">HB171.5.F73436(2e)</subfield>
    <subfield code="p">9564/265/23</subfield>
    <subfield code="r">2023-06-23 00:00:00</subfield>
    <subfield code="t">7</subfield>
    <subfield code="w">2023-06-23</subfield>
    <subfield code="y">BK</subfield>
  </datafield>
  <datafield tag="952" ind1=" " ind2=" ">
    <subfield code="0">0</subfield>
    <subfield code="1">0</subfield>
    <subfield code="2">lcc</subfield>
    <subfield code="4">0</subfield>
    <subfield code="7">0</subfield>
    <subfield code="a">WIUC-1</subfield>
    <subfield code="b">WIUC-1</subfield>
    <subfield code="c">GEN</subfield>
    <subfield code="d">2023-06-23</subfield>
    <subfield code="l">0</subfield>
    <subfield code="o">HB171.5.F73437(2e)</subfield>
    <subfield code="p">9565/266/23</subfield>
    <subfield code="r">2023-06-23 00:00:00</subfield>
    <subfield code="t">8</subfield>
    <subfield code="w">2023-06-23</subfield>
    <subfield code="y">BK</subfield>
  </datafield>
  <datafield tag="952" ind1=" " ind2=" ">
    <subfield code="0">0</subfield>
    <subfield code="1">0</subfield>
    <subfield code="2">lcc</subfield>
    <subfield code="4">0</subfield>
    <subfield code="7">0</subfield>
    <subfield code="a">WIUC-1</subfield>
    <subfield code="b">WIUC-1</subfield>
    <subfield code="c">GEN</subfield>
    <subfield code="d">2023-06-23</subfield>
    <subfield code="l">0</subfield>
    <subfield code="o">HB171.5.F73438(2e)</subfield>
    <subfield code="p">9566/267/23</subfield>
    <subfield code="r">2023-06-23 00:00:00</subfield>
    <subfield code="t">9</subfield>
    <subfield code="w">2023-06-23</subfield>
    <subfield code="y">BK</subfield>
  </datafield>
</record>
